| 000 | 00373nam a2200145Ia 4500 | ||
|---|---|---|---|
| 005 | 20250729165401.0 | ||
| 008 | 250729s2005 xx 000 0 und d | ||
| 041 | _aeng | ||
| 082 | _a370 SINH | ||
| 100 |
_aSingh YK _9222446 |
||
| 245 | _aHistory of Indian Education System | ||
| 260 |
_aNew Delhi _bA P H Publishing _c2005 |
||
| 300 | _a279p | ||
| 650 |
_aEducation _9222447 |
||
| 999 |
_c235466 _d235466 |
||